| 000 | 00644nam a2200145 a 4500 | ||
|---|---|---|---|
| 008 | 100510s2009 ||||||||||||||||| || u | ||
| 050 | _aTHESIS/MBA | ||
| 100 | _aKapalu, Reeves Nyongi | ||
| 245 | 1 | 0 | _aPotential of private television broadcasting on the Copperbelt and North-Western provinces |
| 260 |
_aKitwe _bCopperbelt University, School of Business, Department of Postgraduate studies _c2009 |
||
| 350 | _a0.00 | ||
| 650 | _aTELEVISION BROADCASTING | ||
| 650 | _aBROADCASTING | ||
| 995 |
_D0.00 _FCBU-MAIN LIBRARY (Kitwe) _H1 _I0.00 _M1 _UAVAILABLE _WMay 10, 2010 _ZUniversity Collection |
||
| 999 |
_c54082 _d54082 |
||